Banarsi thag / (Record no. 43871)
[ view plain ]
| 000 -LEADER | |
|---|---|
| fixed length control field | 01245njm a22002777a 4500 |
| 005 - DATE AND TIME OF LATEST TRANSACTION | |
| control field | 20100906100958.0 |
| 007 - PHYSICAL DESCRIPTION FIXED FIELD--GENERAL INFORMATION | |
| fixed length control field | sd ammalaaahaa |
| 008 - FIXED-LENGTH DATA ELEMENTS--GENERAL INFORMATION | |
| fixed length control field | 100906t xxu||||| |||| 00| 0 hin d |
| 028 ## - PUBLISHER NUMBER | |
| Publisher number | N. 53341 |
| Source | His Master's Voice |
| 028 ## - PUBLISHER NUMBER | |
| Publisher number | OJW. 15570 |
| Source | His Master'S Voice |
| 028 ## - PUBLISHER NUMBER | |
| Publisher number | OJW. 15575 |
| Source | His Master's Voice |
| 035 ## - SYSTEM CONTROL NUMBER | |
| System control number | GR-675 |
| 040 ## - CATALOGING SOURCE | |
| Original cataloging agency | SED/VEN |
| 100 ## - MAIN ENTRY--PERSONAL NAME | |
| Personal name | Mohd Rafi |
| 9 (RLIN) | 18455 |
| 245 ## - TITLE STATEMENT | |
| Title | Banarsi thag / |
| Statement of responsibility, etc | by Mohmad Rafi ; music by Iqbal Qureshi ; lyric by Akhtar Lucknavi |
| Medium | [sound recording] : |
| 246 ## - VARYING FORM OF TITLE | |
| Title proper/short title | बनारसी ठग (मोहमद रफ़ी ) |
| 260 ## - PUBLICATION, DISTRIBUTION, ETC. (IMPRINT) | |
| Place of publication, distribution, etc | Dum Dum India |
| Name of publisher, distributor, etc | His Master's Voice |
| 300 ## - PHYSICAL DESCRIPTION | |
| Extent | 1 sound disc [Gramophone record] : |
| Other physical details | analog, 33 1/3 rpm |
| Dimensions | 10 in. |
| Type of unit | Gramophone record |
| 500 ## - GENERAL NOTE | |
| General note | Brief record |
| 505 ## - FORMATTED CONTENTS NOTE | |
| Formatted contents note | ab mohbat mein jo pehle thee अब मोहबत में जो पहल थी sun sun mere bhai सुन सुन मेरे भाई (बनारसी ठग )) (मोहमद रफ़ी ) |
| 650 ## - SUBJECT ADDED ENTRY--TOPICAL TERM | |
| Topical term or geographic name as entry element | Classical Music |
| General subdivision | Excerpts |
| Geographic subdivision | India |
| 9 (RLIN) | 18456 |
| 700 ## - ADDED ENTRY--PERSONAL NAME | |
| Personal name | Iqbal Qureshi |
| 9 (RLIN) | 18457 |
| 700 ## - ADDED ENTRY--PERSONAL NAME | |
| Personal name | Akthar Lucknavi |
| 9 (RLIN) | 18458 |
| 942 ## - ADDED ENTRY ELEMENTS (KOHA) | |
| Source of classification or shelving scheme | Dewey Decimal Classification |
| Item type | Gramaphone Records |
| Withdrawn status | Lost status | Source of classification or shelving scheme | Damaged status | Not for loan | Collection code | Home library | Current library | Date acquired | Source of acquisition | Total Checkouts | Barcode | Date last seen | Copy number | Price effective from | Koha item type |
|---|---|---|---|---|---|---|---|---|---|---|---|---|---|---|---|
| Dewey Decimal Classification | Not For Loan | Non-fiction | Central Library | Central Library | 06/09/2010 | SED/VEN | GR-675 | 06/09/2010 | 1 | 06/09/2010 | Gramaphone Records |
